Statistiche per Maledetta Primavera - Loretta Goggi - Testo Completo

Clicka qui per fare il quiz!

Statistiche generali

  • Questo quiz è stato fatto 33 volte
  • Il punteggio medio è 151 su 194

Statistiche sulle risposte

Risposta% Corretto
Che
96%
che
96%
e
96%
è
96%
E
96%
Ma
96%
na-na
96%
na-na,
96%
Na-na
96%
Na-na-na
96%
Se
96%
se
96%
un
96%
ce
93%
c'era
89%
fretta
89%
male
89%
Maledetta
89%
maledetta
89%
per
89%
primavera
89%
primavera?
89%
so
89%
a
86%
di
86%
Di
86%
non
82%
gli
79%
te
79%
amore
75%
basta
75%
come
75%
Come
75%
errore
75%
me
75%
me?
75%
noi
75%
poi
75%
si
75%
ancora
71%
canzoni
71%
chiudo
71%
erotico
71%
fa
71%
fosse
71%
innamorarmi
71%
occhi
71%
penso
71%
sogno
71%
un'ora?
71%
Voglia
71%
innamorarsi
68%
più
68%
resta
68%
stringersi
68%
al
64%
era
64%
fare
64%
importa
64%
la
64%
mani
64%
vecchie
64%
imbroglio
61%
rideva
61%
risveglio
61%
solo
61%
Tornerai,
61%
vuote
61%
diventato
57%
io
54%
Lo
54%
bianco,
50%
chiudi
50%
fiori
50%
il
50%
mi
50%
pensi
50%
poeta?
50%
Vino
50%
una
46%
dentro
43%
sappiamo
43%
misura
39%
n'è
39%
cuore
36%
dare
36%
può
36%
sola
32%
Stelle,
32%
toccano
32%
Lasciami
29%
pensa
29%
carezze
25%

Distribuzione punteggi

Percentile per numero di risposta

Percentuale di utenti per punteggio

I tuoi punteggi nel tempo

Non hai fatto questo quiz